| 000 | 00584nam a22001937a 4500 | ||
|---|---|---|---|
| 999 |
_c4289 _d4289 |
||
| 003 | AR-CdUCM | ||
| 008 | 190308b ||||| |||| 00| 0 spa d | ||
| 040 |
_aMUNICIPALIDAD PROVINCIAL DEL CUSCO _cBIBLIOTECA MUNICIPAL DEL CUSCO |
||
| 082 |
_a103 / _bV85 |
||
| 100 |
_aVoltaire _913558 |
||
| 245 | _aDiccionario filosófico / | ||
| 260 |
_aBuenos aires : _bTalleres de malabia, _c1960. |
||
| 300 |
_a374 paginas ; _c23 cm. |
||
| 505 | _aContenido t.III :Diccionario filosófico. | ||
| 650 |
_aFilosofía _9395 |
||
| 650 |
_aDiccionarios _95105 |
||
| 942 |
_2ddc _cLIBROS |
||
| 945 | _arum | ||